LEADER 03660nam 2200733Ia 450 001 9910969825703321 005 20250218015605.0 010 $a9781136493485 010 $a1136493484 010 $a9781136493492 010 $a1136493492 010 $a9780203139059 010 $a0203139054 024 7 $a10.4324/9780203139059 035 $a(CKB)2550000000096687 035 $a(EBL)958389 035 $a(OCoLC)798531251 035 $a(SSID)ssj0000658360 035 $a(PQKBManifestationID)11955734 035 $a(PQKBTitleCode)TC0000658360 035 $a(PQKBWorkID)10689510 035 $a(PQKB)11261662 035 $a(MiAaPQ)EBC958389 035 $a(Au-PeEL)EBL958389 035 $a(CaPaEBR)ebr10545704 035 $a(CaONFJC)MIL761202 035 $a(OCoLC)787851418 035 $a(FINmELB)ELB140560 035 $a(EXLCZ)992550000000096687 100 $a20110706d2012 uy 0 101 0 $aeng 135 $aur|n|---||||| 181 $ctxt 182 $cc 183 $acr 200 00$aBuddhism in the modern world /$fedited by David L. McMahan 205 $a1st ed. 210 $aLondon ;$aNew York $cRoutledge$dc2012 215 $a1 online resource (353 p.) 225 1 $aReligions in the Modern World 300 $aDescription based upon print version of record. 311 08$a9780415780155 311 08$a0415780152 311 08$a9780415780148 311 08$a0415780144 320 $aIncludes bibliographical references and index. 327 $aBuddhism in the Modern World; Copyright; Contents; List of Illustrations; Notes on Contributors; Introduction; Part one: Buddhism in its Geographical Contexts; 1. Modern Buddhist Conjunctures in Southeast Asia; 2. Buddhism in Modern Sri Lanka; 3. Searching for a Place to Sit: Buddhists in Modern Japan; 4. Buddhism in China and Taiwan; 5. Tibetan and Himalayan Buddhism; 6. Modernist Interpretations of Buddhism in Europe; 7. The North American Buddhist Experience; Part two: Buddhism and the Challenges of Modernity; 8. Buddhist Modernism; 9. Buddhism, Politics and Nationalism 327 $a10. Socially Engaged Buddhism11. Buddhist Ethics: A Critique; 12. Buddhism and the Powers of the Mind; 13. Buddhism and Gender; 14. Buddhism and Science: Translating and Re-translating Culture; 15. Buddhism and Globalization; 16. Buddhism, Media and Popular Culture; Index 330 $a"Buddhism in the Modern World explores the challenges faced by Buddhism today, the distinctive forms that it has taken and the individuals and movements that have shaped it. Part One discusses the modern history of Buddhism in different geographical regions, from Southeast Asia to North America. Part Two examines key themes including globalization, gender issues, and the ways in which Buddhism has confronted modernity, science, popular culture and national politics. Each chapter is written by a distinguished scholar in the field and includes photographs, summaries, discussion points and suggestions for further reading. The book provides a lively and up-to-date overview that is indispensable for both students and scholars of Buddhism"--$cProvided by publisher. 410 0$aReligions in the Modern World 606 $aBuddhism$xHistory$y21st century 606 $aReligions$xHistory$y21st century 615 0$aBuddhism$xHistory 615 0$aReligions$xHistory 676 $a294.3 686 $aREL000000$2bisacsh 701 $aMcMahan$b David L$0925708 801 0$bMiAaPQ 801 1$bMiAaPQ 801 2$bMiAaPQ 906 $aBOOK 912 $a9910969825703321 996 $aBuddhism in the modern world$94323780 997 $aUNINA LEADER 04758nam 2200721 a 450 001 9910213825803321 005 20251116154956.0 010 $a9786613283498 010 $a9781283283496 010 $a1283283492 010 $a9780874215366 010 $a0874215366 035 $a(CKB)1000000000465226 035 $a(EBL)316747 035 $a(OCoLC)476107667 035 $a(SSID)ssj0000195104 035 $a(PQKBManifestationID)11166483 035 $a(PQKBTitleCode)TC0000195104 035 $a(PQKBWorkID)10241135 035 $a(PQKB)10648655 035 $a(MiAaPQ)EBC3442697 035 $a(OCoLC)71214678 035 $a(MdBmJHUP)muse16404 035 $a(MiAaPQ)EBC316747 035 $a(Au-PeEL)EBL316747 035 $a(DE-B1597)716585 035 $a(DE-B1597)9780874215366 035 $a(Perlego)2068191 035 $a(EXLCZ)991000000000465226 100 $a20051108d2006 ub 0 101 0 $aeng 135 $aur|n|---||||| 181 $ctxt 182 $cc 183 $acr 200 00$aMachine scoring of student essays $etruth and consequences /$fedited by Patricia Freitag Ericsson and Richard H. Haswell 205 $a1st ed. 210 $aLogan $cUtah State University Press$dc2006 215 $a1 online resource (275 p.) 300 $aDescription based upon print version of record. 311 08$a9780874216325 311 08$a087421632X 320 $aIncludes bibliographical references and index. 327 $aIntroduction / Patricia Freitag Ericsson and Richard H. Haswell -- Interested complicities : the dialectic of computer-assisted writing assessment / Ken S. McAllister and Edward M. White -- The meaning of meaning : is a paragraph more than an equation? / Patricia Freitag Ericsson -- Can't touch this : reflections on the servitude of computers as readers / Chris M. Anson -- Automatons and automated scoring : drudges and black boxes, and dei ex machina / Richard H. Haswell -- Taking a spin on the intelligent essay assessor / Tim McGee -- ACCUPLACER's essay-scoring technology : when reliability does not equal validity / Edmund Jones -- WritePlacer Plus in place : an exploratory case study / Anne Herrington and Charles Moran -- E-Write as a means for placement into three composition courses : a pilot study / Richard N. Matzen Jr. and Colleen Sorensen -- Computerized writing assessment : community college faculty find reasons to say "Not yet" / William W. Ziegler -- Piloting the COMPASS E-Write software at Jackson State Community College / Teri T. Maddox -- The role of the writing coordinator in a culture of placement by ACCUPLACER / Gail S. Corso -- Always already : automated essay scoring and grammar-checkers in college writing courses / Carl Whithaus -- Automated essay grading in the sociology classroom : finding common ground / Edward Brent and Martha Townsend -- Automated writing instruction : computer-assisted or computer-driven pedagogies? / Beth Ann Rothermel -- Why less is not more : what we lose by letting a computer score writing samples / William Condon -- More work for teachers? possible futures of teaching writing in the age of computerized writing assessment / Bob Broad -- A bibliography of machine scoring of student writing, 1962-2005 / Richard H. Haswell. 330 $aThe current trend toward machine-scoring of student work, Ericsson and Haswell argue, has created an emerging issue with implications for higher education across the disciplines, but with particular importance for those in English departments and in administration. The academic community has been silent on the issue-some would say excluded from it-while the commercial entities who develop essay-scoring software have been very active. Machine Scoring of Student Essays is the first volume to seriously consider the educational mechanisms and consequences of this trend, and it off 606 $aEnglish language$xRhetoric$xStudy and teaching$xEvaluation 606 $aReport writing$xStudy and teaching (Higher)$xEvaluation 606 $aGrading and marking (Students)$xData processing 606 $aEducational tests and measurements$xData processing 615 0$aEnglish language$xRhetoric$xStudy and teaching$xEvaluation. 615 0$aReport writing$xStudy and teaching (Higher)$xEvaluation. 615 0$aGrading and marking (Students)$xData processing. 615 0$aEducational tests and measurements$xData processing. 676 $a808/.042076 701 $aEricsson$b Patricia Freitag$f1950-$01025066 701 $aHaswell$b Richard H$01025065 801 0$bMiAaPQ 801 1$bMiAaPQ 801 2$bMiAaPQ 906 $aBOOK 912 $a9910213825803321 996 $aMachine Scoring of Student Essays$92436914 997 $aUNINA